Queen songs - Statistics

General Stats
  • This quiz has been taken 463 times
  • The average score is 22 of 80
Answer Stats
Answer % Correct
Bohemian Rhapsody
92%
Killer Queen
75%
We Will Rock You
74%
We Are The Champions
73%
Another One Bites The Dust
69%
Don't Stop Me Now
68%
Radio Ga Ga
67%
Under Pressure
66%
I Want To Break Free
64%
Somebody To Love
64%
Fat Bottomed Girls
61%
Bicycle Race
55%
The Show Must Go On
55%
Crazy Little Thing Called Love
54%
Innuendo
53%
You're My Best Friend
53%
Seven Seas Of Rhye
52%
A Kind Of Magic
49%
I Want It All
46%
Hammer To Fall
45%
Love Of My Life
44%
Keep Yourself Alive
40%
Flash
39%
Good Old-Fashioned Lover Boy
37%
Who Wants To Live Forever
37%
I'm In Love With My Car
35%
Save Me
35%
'39
34%
Play The Game
32%
One Vision
31%
Breakthru
30%
The Miracle
29%
Tie Your Mother Down
28%
Liar
27%
These Are The Days Of Our Lives
26%
I'm Going Slightly Mad
25%
Now I'm Here
24%
The Invisible Man
24%
It's A Hard Life
21%
Death On Two Legs
19%
Headlong
18%
Spread Your Wings
17%
White Queen
17%
Princes Of The Universe
15%
Scandal
15%
Body Language
14%
Too Much Love Will Kill You
14%
Brighton Rock
13%
Lazing On A Sunday Afternoon
12%
Seaside Rendezvous
12%
Dragon Attack
11%
Jesus
11%
The Prophet's Song
11%
Delilah
10%
Mother Love
10%
A Winter's Tale
9%
I Was Born To Love You
9%
Bijou
8%
Don't Try Suicide
8%
Lily Of The Valley
7%
My Fairy King
7%
White Man
7%
Is This The World We Created
6%
Let Me Live
6%
Misfire
6%
You Take My Breath Away
6%
The Hitman
5%
Was It All Worth It
5%
Don't Try So Hard
4%
No One But You (Only The Good Die Young)
4%
Sail Away Sweet Sister
4%
The Fairy Feller's Master-Stroke
4%
The Millionaire Waltz
4%
All God's People
3%
I Can't Live With You
3%
Rock It
3%
Coming Soon
2%
Life Is Real
2%
Ride The Wild Wind
2%
I Go Crazy
0%
No matching quizzes found
Score Distribution
Percent of People with Each Score
Percentile by Number Answered
Your Score History
You have not taken this quiz